Oravský Podzámok

Zobrazenie:

Bibliographic Details
Other Authors: Zuzic, Izidor (fotograf) (Photographer), Lorenc, František (fotograf) (Photographer), Abel, Svetozár, 1960- (Photographer)
Format: Photo
Language:Slovak
PhysicalDescription:1 pohľadnica (5 čiastkových pohľadov) farebná 11 x 15 cm
Published: Bratislava Pravda 1987
Subjects:

MARC

LEADER 00000ckm a2200000 a 4500
001 vtls001200445
003 SK-MaSNL
005 20260331202629.0
007 kf co
008 180703s1987 xo g 0kuslo
015 |a SNBG1987 
035 |a SNK000143514 
040 |a SNK  |b slo  |c SNK  |e AACR2 
041 0 |a slo 
043 |a e-xo--- 
044 |a xo  |c SK 
072 7 |a 913  |x Regionálna geografia  |2 konspekt 
080 |a 913(437.6)  |2 2011 
080 |a 908(437.6)  |2 2011 
080 |a 904(084.121)  |2 2011 
100 1 |a Zuzic, Izidor  |c (fotograf)  |4 pht  |9 283286 
245 1 0 |a Oravský Podzámok  |h grafika  |c foto Izidor Zuzic, František Lorenc, Svetozár Abel 
246 1 |i Názov na obrazovej časti:  |a Oravský Podzámok 
260 |a Bratislava  |b Pravda  |c 1987  |e [Bratislava]  |f TZP-B 
300 |a 1 pohľadnica (5 čiastkových pohľadov)  |b farebná  |c 11 x 15 cm 
500 |a Na adresnej časti uvedené: "Oravský Podzámok - ako podhradná obec sa spomína r. 1559. Nad obcou stredoveký hrad z 13. stor. postupne upravovaný, dnes je v ňom Oravské múzeum" 
520 8 |a Zobrazenie: 
610 2 7 |a Oravský hrad (Oravský Podzámok, Slovensko)  |2 SNKKA  |9 32353 
651 7 |a Oravský Podzámok (Slovensko)  |2 SNKPHgeo  |9 36830 
655 7 |a pohľadnice kultúrnych pamiatok  |2 SNKPH  |9 70523 
655 7 |a miestne pohľadnice  |2 SNKPH  |9 70510 
655 7 |a geografické pohľadnice  |2 SNKPH  |9 70522 
700 1 |a Lorenc, František  |c (fotograf)  |4 pht  |9 177742 
700 1 |a Abel, Svetozár,  |d 1960-  |4 pht  |9 109520 
958 |a GBN 
958 |a GC 
958 |a OND 
999 |c 687613  |d 689543 
952 |a SNK  |b SNK  |y PREZ  |7 0  |p 17A1407722  |o snkSP 138948  |i snk883/88  |0 0  |1 0  |4 0  |d 2022-02-22  |l 0  |r 2026-02-23 20:17:07  |w 2026-02-23 
952 |a SNK  |b SNK  |y PREZ  |7 0  |p 17A1408364  |o snkSP 138948 D1  |i snk884/88  |0 0  |1 0  |4 0  |d 2022-02-22  |l 0  |r 2026-02-23 20:17:07  |w 2026-02-23